000 00551 a2200193 4500
001 63763
005 20260407155937.0
008 260407a1953 arg spa d
003 AR-UNSa-BCEJYS
040 _aAR-UNSa-BCEJYS
_bspa
_cAR-UNSa-BCEJYS
080 _a657.47
_xContabilidad de Costos
245 1 0 _aOrganización y costos en la industria textil
264 1 _aBuenos Aires :
_bSelección Contable
_c1953
300 _a127 p.
_c23 cm.
041 _aspa
942 _cBK
590 _aniveau_biblio:m niveau_hierar:0
100 1 _aPerel, Vicente L.
999 _c8323
_d8323